Marketing plans how to prepare them

Guardado en:
Detalles Bibliográficos
Autor principal: McDonald, Malcolm
Formato: Libro
Lenguaje:inglés
Publicado: Oxford Butterworth-Heinemann 1999
Edición:4. ed.
Colección:Marketing
Materias:
Etiquetas: Agregar Etiqueta
Sin Etiquetas, Sea el primero en etiquetar este registro!

MARC

LEADER 00000nam a2200000 4500
001 c132756
005 20221221082927.2
020 |a 0-7506-4116-9 
041 0 |a eng 
044 |a GB 
245 1 0 |a Marketing plans  |b how to prepare them  |c Malcolm McDonald 
250 |a 4. ed. 
264 1 |a Oxford  |b Butterworth-Heinemann  |c 1999 
300 |a 578 s. 
490 1 |a Marketing 
830 0 |a Marketing 
610 2 0 |a marketing 
610 2 0 |a plánovanie 
610 2 0 |a audit 
610 2 0 |a produkty 
610 2 0 |a komunikácia 
610 2 0 |a oceňovanie 
610 2 0 |a reklama 
610 2 0 |a podpora predaja 
610 2 0 |a distribúcia 
610 2 0 |a zákazníci 
610 2 0 |a informácie 
610 2 0 |a prognózy 
100 1 |a McDonald, Malcolm